00227nam a2200085 4500082001800000100001800018245005400036260003100090650002000121 a664.028 bFAC aSultanabawa,Y aFactors offering the quality of food preseration aColombobAgro & Foodc2000 aSeminar Reports